Théologie : Les Fruits de l'Esprit Saint - Statistiques

Statistiques générales
  • Ce quiz a été pris 18 fois
  • Le résultat moyen est 6 sur 12
Statistiques - réponses
Fruit(s) de l'Esprit Saint % Correct
Bonte / Benignité / Générosité
79%
Charité / Amour
79%
Foi / Fidelité / Confiance / Intégrité
71%
Modestie / Humilité
64%
Patience / Longanimité
64%
Joie
50%
Maitrise de soi / Tempérance
50%
Douceur / Docilité
43%
Bienveillance / Indulgence / Empathie / Mansuétude
36%
Paix
36%
Chasteté / Pureté
14%
Continence / Contenance
7%
Aucun quiz correspondant
Distribution des résultats
% des personnes avec chaque résultat
Percentile par nombre de réponses
Votre historique - résultats
Vous n’avez pas pris ce quiz